000 01046nam0a2200337 4500
001 RU\NLR\bibl\882663
005 20250614165432.0
010 _a5-89676-654-8
_bв пер.
_95000
021 _aRU
_b2005-53720
_92626
035 _a(nilc)RSL-KNO-002706522
035 _a(NLR Aleph) 000871218
090 _a1600700
_c1600700
100 _a20050823d2005 |||y0rusy50 ca
101 0 _arus
102 _aRU
105 _aa |||||||||
106 _ar
200 1 _aДождик, дождик, с неба лей...
_eпесенки
_e[для чтения взрослыми детям
_fхудож. С. Михайлов]
210 _aМ.
_cЧ.А.О. и К°
_cРИПОЛ классик
_d2005
215 _a[8] с.
_cцв. ил.
_d22
225 1 _aЛадушки
686 _aШ9(2)3=Р-3
702 1 _aМихайлов
_bС.
_4040
801 0 _aRU
_bRuMoRKP
_c20050823
_grcr
801 1 _aRU
_bRuMoRGB
_c20050823
801 2 _aRU
_bNLR
_c20051202
_grcr
942 _cBOOK
980 _aNB